000 00708nam a2200289Ia 4500
005 20260324141712.0
008 008 260324s9999 xx 000 0 eng d
020 _a9780203477090
037 _aEBOOK
040 _aCRL
040 _beng
040 _cCRL
041 _2eng
041 _aeng
084 _qCRL
100 _aDavid Langford; Arkady Retik
_91209185
245 4 _aThe Organization and Management of Construction
245 0 _bShaping theory and practice
260 _bTaylor and Francis
260 _c1996
365 _a
365 _b760
856 _uhttp://www.taylorfrancis.com/books/9780203477090
942 _cEBOOK
999 _c1812560
_d1812560